Name As Many Holidays As Possible - Statistics

General Stats
  • This quiz has been taken 81 times
  • The average score is 9 of 19
Answer Stats
Hint Answer % Correct
C Christmas
97%
E Easter
81%
H Halloween
71%
T Thanksgiving
71%
L Lunar New Years
62%
N New Years
62%
V Valentines Day
60%
H Hanukkah
54%
L Labor Day
44%
V Veterans day
38%
P Presidents Day
35%
M Memorial Day
31%
C Columbus Day
29%
J Juneteenth
28%
K Kwanzaa
28%
A April Fools
26%
J July 4th
24%
E Earth Day
15%
B Black Friday
12%
No matching quizzes found
Score Distribution
Percent of People with Each Score
Percentile by Number Answered
Your Score History
You have not taken this quiz